00311nam a2200121Ia 4500008004100000041000800041082001300049100001600062245004500078260003400123300002300157365000900180240624s9999 xx 000 0 und d aeng a828 McK  aMCKEOWN MAX aNOW THE SURPRISING TRUTH ABOUT THE POWER c2016aLondonbAurum Press Ltd aix, 230 p.; 23 cm. cb38